000 00646nam a2200229Ia 4500
003 OSt
005 20221006164825.0
006 a|||||r|||| 00| 0
007 ta
008 221006b |||||||| |||| 00| 0 eng d
024 _a3,046
037 _cTextual
040 _aFML
_cFML
_beng
041 _2eng
_aeng
082 _aNRaN6, K3
100 _aSpiess Lincoln Bunce Au.
_9678418
245 0 _aHistorical Musicology
_b A Reference Manual for Research in Music
260 _aNew York
_bBrooklyn
_c1963
300 _a294
_ccm.
942 _hNRaN6, K3
_cTEXL
_2CC
999 _c1118606
_d1118606